Tratado de derecho civil. (Record no. 90590)
[ view plain ]
| 000 -LEADER | |
|---|---|
| campo de control de longitud fija | 00873nam a2200217 i 4500 |
| 001 - NÚMERO DE CONTROL | |
| campo de control | 90590 |
| 003 - IDENTIFICADOR DE NÚMERO DE CONTROL | |
| campo de control | ES-MaACL |
| 005 - FECHA Y HORA DE LA ÚLTIMA TRANSACCIÓN | |
| campo de control | 20250809064503.0 |
| 007 - CAMPO FIJO DE DESCRIPCIÓN FÍSICA--INFORMACIÓN GENERAL | |
| campo de control de longitud fija | t| |
| 008 - DATOS DE LONGITUD FIJA--INFORMACIÓN GENERAL | |
| campo de control de longitud fija | 050121s1956 sp ||||1| spa d |
| 100 1# - ENTRADA PRINCIPAL--NOMBRE DE PERSONA | |
| Nombre de persona | Lehmann, Heinrich. |
| 9 (RLIN) | 71332 |
| 245 10 - MENCIÓN DEL TÍTULO | |
| Título | Tratado de derecho civil. |
| Número de parte o sección de la obra | Vol. I, |
| Nombre de parte o sección de la obra | Parte genera / |
| Mención de responsabilidad, etc. | Heinrich Lehamnn ; traducción de la última edición alemana con notas de derecho español por José Mª Navas. |
| 260 ## - PUBLICACIÓN, DISTRIBUCIÓN, ETC. | |
| Lugar de publicación, distribución, etc. | Madrid : |
| Nombre del editor, distribuidor, etc. | Revista de Derecho Privado, |
| Fecha de publicación, distribución, etc. | [1956] ( |
| Fabricante | González) |
| 300 ## - DESCRIPCIÓN FÍSICA | |
| Extensión | XXIII, 707 p. ; |
| Dimensiones | 23 cm. |
| 490 1# - MENCIÓN DE SERIE | |
| Mención de serie | Serie C: Grandes tratados generales de derecho privado y público ; |
| Designación de volumen o secuencia | 39 |
| 650 07 - PUNTO DE ACCESO ADICIONAL DE MATERIA--TÉRMINO DE MATERIA | |
| Término de materia o nombre geográfico como elemento de entrada | Derecho civil |
| Fuente del encabezamiento o término | embne |
| 9 (RLIN) | 11656 |
| 700 1# - ENTRADA AGREGADA--NOMBRE PERSONAL | |
| Nombre de persona | Navas, José María. |
| 9 (RLIN) | 85201 |
| 830 00 - PUNTO DE ACCESO ADICIONAL DE SERIE-TÍTULO UNIFORME | |
| Título uniforme | Grandes tratados generales de derecho privado y público |
| Designación de volumen o secuencia | 39 |
| 9 (RLIN) | 233176 |
| 852 ## - LOCALIZACIÓN | |
| Ubicación | ES-MaACL |
| Número de control de estantería | P-752 |
| Estatus retirado | Estado de pérdida | Estado de daño | No para préstamo | Biblioteca de origen | Biblioteca actual | Ubicación en estantería | Fecha de adquisición | Fuente de adquisición | Total de préstamos | Signatura topográfica completa | Código de barras | Visto por última vez | Precio de reemplazo | Tipo de ítem Koha |
|---|---|---|---|---|---|---|---|---|---|---|---|---|---|---|
| Biblioteca del Ateneo de Madrid | Biblioteca del Ateneo de Madrid | Depósito 2 | 17/01/2008 | P-752 | 1094595 | 23/02/2023 | 23/02/2023 | Libro impreso |
